Städte den Bundesländern zuordnen 3 - Statistiken

Allgemein
  • Dieses Quiz wurde 284 mal gespielt
  • Das Durchschnittsergebnis liegt bei 7 aus 10
Antwortstatistiken
Frage Antwort % Korrekt
Ulm liegt in... Baden-Württemberg
100%
Essen liegt in... Nordrhein-Westfalen
85%
Saarbrücken liegt in/im... Saarland
85%
Fürth liegt in... Bayern
77%
Bremerhaven liegt in... Bremen
77%
Aachen liegt in... Nordrhein-Westfalen
77%
Trier liegt in... Rheinland-Pfalz
77%
Rostock liegt in/im... Mecklenburg-Vorpommern
62%
Göttingen liegt in... Niedersachsen
62%
Salzgitter liegt in... Niedersachsen
46%
Keine übereinstimmenden Quizze gefunden
Verteilung der Resultate
Anzahl Personen mit jedem Resultat
Perzentil nach korrekt beantworteten Fragen
Ihre Resultats-Entwicklung
Sie haben dieses Quiz noch nicht gespielt